Missing Word: Indiana Jones and the Last Crusade Cast Quiz Stats

Quiz Updated Jan 22, 2016

Challenge
Share
Tweet
Embed
Score 0/20 Timer 04:00
0 Plays Today
Hint Answer % Correct
Harrison FordArk
98.5%
Sean ConneryNever
96.1%
Sean ConneryTwice
95.7%
Harrison FordBlade
95.1%
Harrison FordStar
94.3%
Harrison FordDanger
93.3%
Michael ByrneHallows
93.2%
River PhoenixStand
91.1%
Sean ConneryMurder
89.1%
Harrison FordAliens
86.8%
Hint Answer % Correct
River PhoenixEmpty
85.9%
Michael ByrneBridge
83%
Michael ByrneGangs
81.2%
Michael ByrneTomorrow
73.3%
Michael ByrneEarth
66.7%
River PhoenixCalled
66%
River PhoenixIdaho
58.4%
Sean ConneryForrester
56.8%
River PhoenixMosquito
37.8%
Sean ConneryQuickening
23.6%

Today's Daily Dose

Word Ladder
'90s Movies

Quick Pick
'Fire' Movies

On This Day
June 19th II

You're not logged in!

Compare scores with friends on all Sporcle quizzes.
Join for Free
OR
Log In

You Might Also Like...

Show Comments

Extras

Top Quizzes Today


Score Distribution

Your Account Isn't Verified!

In order to create a playlist on Sporcle, you need to verify the email address you used during registration. Go to your Sporcle Settings to finish the process.

Report this User

Report this user for behavior that violates our Community Guidelines.

Details: